[Event "Tournoi Skype 027A"]
[Site "Skype"]
[Date "????.??.??"]
[Round "3.13"]
[White "Aceituno, Stebe"]
[Black "Segura Lozano, Marcos Antonio"]
[Result "0-1"]
[WhiteElo "1590"]
[BlackElo "1808"]
[PlyCount "84"]

1. e4 c5 2. Nf3 Nc6 3. d4 cxd4 4. Nxd4 e6 5. Be3 Nf6 6. f3 a6 7. Be2 Qc7 8. c4
Bd6 9. h3 Bg3+ 10. Kf1 Nh5 11. Nc3 Bh2 12. Nxc6 Ng3+ 13. Ke1 Nxh1 14. Nd4 Qg3+
15. Kd2 Nf2 16. Qf1 Nxh3 17. gxh3 Qd6 18. f4 e5 19. fxe5 Bxe5 20. Qf2 b6 21.
Kc2 Bb7 22. Nf5 Qe6 23. Nd5 Bxd5 24. exd5 Qf6 25. Bd4 Bxd4 26. Qxd4 Qxf5+ 27.
Bd3 Qf6 28. Re1+ Kd8 29. Qe3 Kc7 30. c5 bxc5 31. Qxc5+ Kb7 32. Qb4+ Qb6 33. Qe4
Rac8+ 34. Kb1 d6 35. Qe2 g6 36. Qf1 Rc7 37. b3 f5 38. h4 Rhc8 39. Ka1 Ka7 40.
Bc4 Rxc4 41. bxc4 Qd4+ 42. Kb1 Rb8+ 0-1

[Event "Tournoi Skype 027A"]
[Site "Skype"]
[Date "????.??.??"]
[Round "3.14"]
[White "Castillo, Jesus"]
[Black "Caputi, Giuliano"]
[Result "0-1"]
[WhiteElo "1568"]
[BlackElo "1785"]
[PlyCount "52"]

1. e4 c6 2. d4 d5 3. exd5 cxd5 4. Nc3 Nf6 5. Bd3 Nc6 6. Nge2 Bg4 7. f3 Bh5 8.
O-O Bg6 9. Kh1 e6 10. Bg5 Be7 11. Re1 Bxd3 12. Qxd3 O-O 13. a3 Na5 14. b3 Rc8
15. f4 a6 16. f5 Ng4 17. Qf3 Nxh2 18. Bxe7 Nxf3 19. Bxd8 Nxe1 20. Bxa5 Nxc2 21.
Rc1 Ne3 22. fxe6 fxe6 23. Ng3 Rf2 24. Rg1 b6 25. Nce4 Rf4 26. Bd2 Rh4# 0-1

[Event "Tournoi Skype 027A"]
[Site "Skype"]
[Date "????.??.??"]
[Round "3.15"]
[White "Bautista, Leidy"]
[Black "Rajpurohit, Dinesh"]
[Result "1/2-1/2"]
[WhiteElo "1683"]
[BlackElo "1613"]
[PlyCount "93"]

1. b3 e5 2. Bb2 Nc6 3. e3 Nf6 4. Bb5 Be7 5. Nf3 d6 6. d4 exd4 7. Qxd4 Bd7 8.
Bxc6 Bxc6 9. Nc3 Nh5 10. Nd5 Nf6 11. Nxe7 Qxe7 12. O-O-O Qe4 13. Qxe4+ Nxe4 14.
Rhf1 f6 15. Rd4 O-O-O 16. Nh4 Rhg8 17. f3 Ng5 18. Nf5 Rde8 19. e4 Ne6 20. Rd2
h5 21. Ng3 Nf4 22. Nf5 g6 23. Ne3 f5 24. Nd5 Bxd5 25. exd5 Re2 26. Rxe2 Nxe2+
27. Kd2 Nf4 28. c4 Nxg2 29. f4 Ne3 30. Kxe3 c6 31. Rd1 Kd7 32. h4 c5 33. Kf2 b6
34. Re1 Re8 35. Rxe8 Kxe8 36. Ke3 a6 37. Kd3 Kd7 38. a3 a5 39. Bc3 Kc8 40. b4
a4 41. bxc5 bxc5 42. Ba5 Kd7 43. Kc3 Kc8 44. Kd3 Kd7 45. Bc3 Kc8 46. Bg7 Kd7
47. Bf8 1/2-1/2

[Event "Tournoi Skype 027A"]
[Site "Skype"]
[Date "????.??.??"]
[Round "3.16"]
[White "Ortiz, Vladimir"]
[Black "Calderon, Francisco"]
[Result "1-0"]
[WhiteElo "1553"]
[BlackElo "1683"]
[PlyCount "65"]

1. e4 e5 2. Nf3 Nc6 3. Bb5 Nd4 4. Nxd4 exd4 5. c3 c6 6. Ba4 Bc5 7. b4 Bb6 8.
Bb2 Qf6 9. O-O d6 10. cxd4 Bxd4 11. Bxd4 Qxd4 12. Nc3 Qxb4 13. Rb1 Qa5 14. Qf3
Nf6 15. e5 dxe5 16. Bxc6+ Bd7 17. Bxd7+ Nxd7 18. Rxb7 Qd8 19. Qg4 g6 20. d4 f5
21. Qg3 Qc8 22. Rfb1 O-O 23. dxe5 f4 24. Qh3 Rf5 25. e6 Nf6 26. Ne4 Nh5 27. e7
Qc6 28. Qb3+ Rf7 29. Rb8+ Rxb8 30. Qxb8+ Kg7 31. Qe5+ Nf6 32. Nxf6 Kh6 33. Ng8#
1-0

[Event "Tournoi Skype 027A"]
[Site "Skype"]
[Date "????.??.??"]
[Round "3.17"]
[White "Sepulveda, Lyda Marcela"]
[Black "Couto, Januario"]
[Result "1/2-1/2"]
[WhiteElo "1672"]
[BlackElo "1612"]
[PlyCount "46"]

1. e4 d5 2. exd5 Nf6 3. Nc3 Nxd5 4. d4 Nxc3 5. bxc3 c6 6. Bc4 Bf5 7. Nf3 Nd7 8.
Bb3 e6 9. Bf4 Nf6 10. Nh4 Bg6 11. Nxg6 hxg6 12. Qe2 Nd5 13. Bd2 Bd6 14. Bxd5
cxd5 15. Qb5+ Qd7 16. Qxd7+ Kxd7 17. h3 Rac8 18. Rb1 b6 19. O-O Rc4 20. Rb3
Rhc8 21. Ra1 Ra4 22. Kf1 Rcc4 23. Ke2 Ra3 1/2-1/2

[Event "Tournoi Skype 027A"]
[Site "Skype"]
[Date "????.??.??"]
[Round "3.18"]
[White "Junqueira, Leonardo De Faria"]
[Black "Casey, Eamonn"]
[Result "0-1"]
[WhiteElo "1541"]
[BlackElo "1671"]
[PlyCount "142"]

1. e4 e6 2. d4 d5 3. e5 c5 4. Bb5+ Bd7 5. Bxd7+ Qxd7 6. c3 Nc6 7. Nf3 cxd4 8.
cxd4 Nge7 9. Nbd2 Nf5 10. Nb3 Be7 11. O-O O-O 12. Be3 Nxe3 13. fxe3 b6 14. h3
Rac8 15. a3 Qc7 16. Rc1 f6 17. Rf2 Qd7 18. Rfc2 fxe5 19. Nxe5 Nxe5 20. dxe5 Bg5
21. Qd3 Rxc2 22. Rxc2 Rf5 23. e4 Rxe5 24. exd5 Rxd5 25. Qc4 Rd1+ 26. Kh2 Qd6+
27. g3 Qd5 28. Qxd5 Rxd5 29. Kg2 Rd3 30. Na1 Rd2+ 31. Rxd2 Bxd2 32. b3 Kf7 33.
Kf3 Kf6 34. Nc2 Ke5 35. a4 Kd5 36. Ke2 Bh6 37. Kf3 g6 38. g4 e5 39. h4 e4+ 40.
Ke2 Bf4 41. Kf2 Ke5 42. Ke2 Bg3 43. h5 Kf4 44. Ne3 gxh5 45. gxh5 Kg5 46. h6 Bf4
47. Nd5 Kf5 48. Ne7+ Ke6 49. Nc8 Bb8 50. Ke3 Ke5 51. b4 Kd5 52. a5 bxa5 53.
bxa5 a6 54. Ne7+ Ke6 55. Nc6 Bc7 56. Kxe4 Kd6 57. Ne5 Kc5 58. Ng4 Bxa5 59. Nf6
Bd2 60. Kd3 Bxh6 61. Kc2 Bg7 62. Nxh7 Kc4 63. Ng5 a5 64. Nf3 a4 65. Ne1 a3 66.
Kb1 Kb3 67. Nc2 a2+ 68. Kc1 Bb2+ 69. Kd1 Kc3 70. Na1 Bxa1 71. Kc1 Bb2+ 0-1

[Event "Tournoi Skype 027A"]
[Site "Skype"]
[Date "????.??.??"]
[Round "3.19"]
[White "Aravena, Alvaro"]
[Black "Alvarez, Juan Evangelista"]
[Result "1-0"]
[WhiteElo "1658"]
[BlackElo "1540"]
[PlyCount "81"]

1. e4 e5 2. Nf3 Nc6 3. Bc4 Bc5 4. O-O Nf6 5. d3 h6 6. c3 a6 7. Bb3 d6 8. h3 Nh5
9. Re1 O-O 10. Be3 Nf4 11. d4 exd4 12. Bxf4 Qf6 13. Bg3 dxc3 14. Nxc3 Be6 15.
e5 dxe5 16. Ne4 Qe7 17. Nxc5 Qxc5 18. Rc1 Qb6 19. Nxe5 Nxe5 20. Bxe5 Bxb3 21.
axb3 Rad8 22. Qg4 g5 23. Bxc7 Qxb3 24. Bxd8 Rxd8 25. Rc8 Qxb2 26. Rxd8+ Kg7 27.
Ree8 Qc1+ 28. Rd1 Qc5 29. Rc8 Qe5 30. Qd4 Qxd4 31. Rxd4 Kg6 32. Rb4 b5 33. Ra8
Kh5 34. Rxa6 f5 35. Rxb5 f4 36. Rbb6 g4 37. Rxh6+ Kg5 38. Rag6+ Kf5 39. hxg4+
Ke5 40. Re6+ Kd5 41. g5 1-0

[Event "Tournoi Skype 027A"]
[Site "Skype"]
[Date "????.??.??"]
[Round "3.21"]
[White "Marino, Giuseppe"]
[Black "Khetre, Gaurav"]
[Result "1/2-1/2"]
[WhiteElo "1465"]
[BlackElo "1642"]
[PlyCount "122"]

1. d4 d5 2. Nf3 Nf6 3. Bf4 e6 4. h3 Bd6 5. Bxd6 Qxd6 6. e3 O-O 7. Bd3 c5 8. c3
cxd4 9. exd4 Nbd7 10. O-O e5 11. dxe5 Nxe5 12. Nxe5 Qxe5 13. Re1 Qg5 14. Qd2
Qh4 15. Na3 Bd7 16. Nc2 Rae8 17. Nd4 Rxe1+ 18. Rxe1 Re8 19. Rxe8+ Nxe8 20. Qe3
Qf6 21. Bf5 Qd6 22. Bxd7 Qxd7 23. Nf5 Qe6 24. Qxe6 fxe6 25. Ne3 Nd6 26. f3 Kf7
27. Kf2 Kf6 28. f4 Ne4+ 29. Kf3 Nd2+ 30. Ke2 Ne4 31. Kf3 b5 32. Ng4+ Ke7 33.
Ne3 g6 34. h4 Nd2+ 35. Ke2 Nc4 36. Nxc4 dxc4 37. Ke3 Kd6 38. Kd4 h5 39. g3 a6
40. b3 cxb3 41. axb3 a5 42. c4 a4 43. cxb5 a3 44. Kc3 Kc5 45. b6 Kxb6 46. b4
Kb5 47. Kb3 a2 48. Kxa2 Kxb4 49. Kb2 Kc4 50. Kc2 Kd4 51. Kd2 Ke4 52. Ke2 Kd4
53. Kd2 Ke4 54. Ke2 e5 55. fxe5 Kxe5 56. Ke3 Kf5 57. Kf3 g5 58. hxg5 Kxg5 59.
Kg2 Kg4 60. Kh2 h4 61. gxh4 Kxh4 1/2-1/2

[Event "Tournoi Skype 027A"]
[Site "Skype"]
[Date "????.??.??"]
[Round "3.22"]
[White "Zenini, Simone"]
[Black "Guillaume, Mickael"]
[Result "1-0"]
[WhiteElo "1460"]
[BlackElo "1637"]
[PlyCount "75"]

1. d4 e6 2. c4 Nf6 3. Nf3 Bb4+ 4. Nc3 O-O 5. Qc2 Nc6 6. a3 Bxc3+ 7. Qxc3 Ne4 8.
Qc2 f5 9. e3 g5 10. Bd3 g4 11. Bxe4 fxe4 12. Nd2 d5 13. b4 Ne7 14. Nf1 Nf5 15.
Qe2 Qh4 16. Bb2 c6 17. cxd5 cxd5 18. Rc1 Rf7 19. Ng3 Nxg3 20. fxg3 Qh5 21. Kd2
Qf5 22. Rhf1 Qg5 23. Rxf7 Kxf7 24. Rc7+ Kg8 25. Qf2 Qg6 26. Qf4 h5 27. Qd6 Qf6
28. Ke1 b6 29. Qc6 Qd8 30. b5 h4 31. gxh4 Qxh4+ 32. g3 Qd8 33. Bc3 Kh8 34. Bb4
Bd7 35. Rxd7 Qc8 36. Bd6 Qxc6 37. bxc6 Rc8 38. c7 1-0

[Event "Tournoi Skype 027A"]
[Site "Skype"]
[Date "????.??.??"]
[Round "3.23"]
[White "Galani, Mahendra"]
[Black "Mulrooney, Justin"]
[Result "0-1"]
[WhiteElo "1458"]
[BlackElo "1635"]
[PlyCount "48"]

1. e4 e5 2. Ne2 Nf6 3. Ng3 Nc6 4. Nc3 d6 5. Nd5 Be6 6. c4 Qd7 7. Nxf6+ gxf6 8.
Nh5 Qe7 9. Qf3 O-O-O 10. Nxf6 Nd4 11. Qc3 Qxf6 12. d3 Bh6 13. Bd2 Bxd2+ 14.
Qxd2 Bg4 15. Rc1 Qg6 16. Qe3 f5 17. f4 Qh6 18. b4 fxe4 19. dxe4 Rhf8 20. Qa3
Qxf4 21. Qb2 Qxe4+ 22. Be2 Bxe2 23. Kd2 Rf2 24. Rhe1 Qd3# 0-1

[Event "Tournoi Skype 027A"]
[Site "Skype"]
[Date "????.??.??"]
[Round "3.24"]
[White "Pouteau, Pascal"]
[Black "Lovell, Stan"]
[Result "0-1"]
[WhiteElo "1454"]
[BlackElo "1634"]
[PlyCount "100"]

1. d4 Nf6 2. Nf3 e6 3. Bf4 d5 4. e3 c5 5. c3 Nc6 6. Bd3 Bd6 7. Bg3 O-O 8. Nbd2
Re8 9. Ne5 c4 10. Bc2 Qc7 11. f4 b5 12. a3 a5 13. O-O Rb8 14. Bh4 Be7 15. Bxf6
Bxf6 16. Qh5 g6 17. Qh3 Bg7 18. Ndf3 f6 19. Ng4 e5 20. Nh6+ Kh8 21. Qh4 e4 22.
Nd2 Bxh6 23. Qxh6 Qg7 24. Qxg7+ Kxg7 25. h3 Re7 26. Kf2 Ba6 27. Rg1 Ra7 28. g4
b4 29. Rab1 Bc8 30. h4 bxc3 31. Nf1 Rxb2 32. Rxb2 cxb2 33. Nd2 Rb7 34. f5 Na7
35. Nb1 Bd7 36. Nc3 Bc6 37. Ke2 Nb5 38. Nxb5 Bxb5 39. Kd2 Ba4 40. Rb1 Bxc2 41.
Kxc2 Rb3 42. Rxb2 Rxb2+ 43. Kxb2 gxf5 44. gxf5 Kh6 45. Kc3 Kh5 46. Kb2 Kxh4 47.
Kc3 Kg3 48. Kb2 h5 49. Kc3 h4 50. Kb2 h3 0-1

[Event "Tournoi Skype 027A"]
[Site "Skype"]
[Date "????.??.??"]
[Round "3.25"]
[White "Yeter, Orhan"]
[Black "Pezzolato, Erica"]
[Result "0-1"]
[WhiteElo "1632"]
[BlackElo "1458"]
[PlyCount "112"]

1. e4 d6 2. d4 Nf6 3. Nc3 g6 4. Nf3 Bg7 5. Bd3 O-O 6. h3 Nbd7 7. Be3 e5 8. dxe5
Nxe5 9. Nxe5 dxe5 10. Qd2 c6 11. Bh6 Be6 12. Bxg7 Kxg7 13. O-O-O Qc7 14. g4
Rad8 15. f3 b5 16. Kb1 Bc4 17. Qe3 Bxd3 18. Rxd3 Rxd3 19. Qxd3 Rd8 20. Qe3 a5
21. h4 h5 22. gxh5 Nxh5 23. Rg1 Nf4 24. h5 Nxh5 25. Qg5 Nf4 26. Rh1 Rh8 27.
Rxh8 Kxh8 28. Qf6+ Kg8 29. Nd1 Nh5 30. Qg5 Kh7 31. Ne3 f6 32. Qh4 Kh6 33. Ng4+
Kg7 34. Qh2 b4 35. Ne3 Qd6 36. Qg1 Kf7 37. Nc4 Qd8 38. Kc1 Nf4 39. Qa7+ Ke6 40.
b3 Ne2+ 41. Kb2 Qd4+ 42. Qxd4 Nxd4 43. Nxa5 Nxf3 44. Nxc6 g5 45. Nxb4 g4 46.
Nd3 g3 47. Nc1 g2 48. Ne2 f5 49. exf5+ Kxf5 50. a4 Ke4 51. a5 Ke3 52. Ng1 Nxg1
53. a6 Ne2 54. a7 g1=Q 55. a8=Q Qc1+ 56. Ka2 Nc3# 0-1

[Event "Tournoi Skype 027A"]
[Site "Skype"]
[Date "????.??.??"]
[Round "3.26"]
[White "Bankhede, Shivkumar"]
[Black "Perrone, Gabriel Lorenzo"]
[Result "0-1"]
[WhiteElo "1388"]
[BlackElo "1628"]
[PlyCount "120"]

1. d4 Nf6 2. c4 d5 3. Nc3 g6 4. Nf3 Bg7 5. e3 O-O 6. Be2 a6 7. O-O e6 8. Qc2
Nbd7 9. h3 Nb6 10. b3 Bd7 11. Bb2 Nc8 12. a4 Na7 13. Ne5 c6 14. Nxd7 Qxd7 15.
Rfe1 Rac8 16. Qd2 Rfd8 17. Rac1 b5 18. axb5 axb5 19. cxb5 Nxb5 20. Na4 Qa7 21.
Bxb5 cxb5 22. Rxc8 Rxc8 23. Nc3 Qa5 24. Rc1 Qb6 25. Rc2 Bf8 26. Qd3 Qc6 27. Rc1
Qa6 28. Qxb5 Qxb5 29. Nxb5 Rb8 30. Na7 Rxb3 31. Ba1 Kg7 32. Kh2 Ne4 33. Rc2 Ra3
34. Nc6 Rxa1 35. Ne5 Bd6 36. g3 Rf1 37. Kg2 Rd1 38. f3 Rd2+ 39. Rxd2 Nxd2 40.
Nd3 Nc4 41. e4 dxe4 42. fxe4 f6 43. Kf3 h5 44. d5 exd5 45. exd5 Ne5+ 46. Nxe5
Bxe5 47. Ke4 Bxg3 48. Kd4 Bd6 49. Kc4 Kf7 50. Kb5 Ke7 51. Kc6 f5 52. Kb5 f4 53.
Kc4 f3 54. Kd3 f2 55. Ke2 Bc5 56. h4 Kd6 57. Kf1 Kxd5 58. Ke2 Ke4 59. Kf1 Kd3
60. Kg2 Ke2 0-1

[Event "Tournoi Skype 027A"]
[Site "Skype"]
[Date "????.??.??"]
[Round "3.27"]
[White "Teles, Jeferson Lisboa"]
[Black "Perez, Luis Horacio"]
[Result "1/2-1/2"]
[WhiteElo "1622"]
[BlackElo "1327"]
[PlyCount "75"]

1. d4 d5 2. c4 Nf6 3. Nc3 dxc4 4. Qa4+ Nc6 5. e3 g6 6. Bxc4 Bd7 7. Qb3 e6 8.
Qxb7 Bg7 9. Nf3 Rb8 10. Qa6 Nb4 11. Qxa7 Nc2+ 12. Kd1 Nxa1 13. Ne5 O-O 14. h4
c5 15. Qxc5 Be8 16. h5 Nd7 17. Nxd7 Bxd7 18. hxg6 fxg6 19. Qd6 Rxf2 20. Bxe6+
Bxe6 21. Qxe6+ Kh8 22. Qxg6 Qg8 23. Nd5 Bxd4 24. Qxg8+ Rxg8 25. exd4 Rgxg2 26.
Bf4 Nc2 27. Be5+ Kg8 28. Nf6+ Kf7 29. Ne4 Ne3+ 30. Kc1 Rc2+ 31. Kb1 Rxb2+ 32.
Ka1 Rxa2+ 33. Kb1 Rgb2+ 34. Kc1 Rf2 35. Nxf2 Rxf2 36. Rxh7+ Ke6 37. Rh3 Nc2 38.
Rh2 1/2-1/2

[Event "Tournoi Skype 027A"]
[Site "Skype"]
[Date "????.??.??"]
[Round "3.28"]
[White "Diaz, Jose Garcia"]
[Black "Gadow, Martin"]
[Result "1-0"]
[WhiteElo "1860"]
[BlackElo "1530"]
[PlyCount "73"]

1. c4 c5 2. g3 Nc6 3. Nc3 e6 4. Bg2 b6 5. Nf3 Bb7 6. O-O Nf6 7. e4 d6 8. d4
cxd4 9. Nxd4 Be7 10. Re1 Nxd4 11. Qxd4 O-O 12. b3 a6 13. Bb2 Qc7 14. Rad1 Rac8
15. Na4 b5 16. cxb5 axb5 17. Rc1 Qb8 18. Nc3 Bc6 19. Nd5 Bxd5 20. exd5 e5 21.
Qd2 Rxc1 22. Rxc1 Rc8 23. Rc6 Rxc6 24. dxc6 Bd8 25. Ba3 Bc7 26. Bb4 d5 27. Bxd5
Qd8 28. Bf3 Qxd2 29. Bxd2 e4 30. Be2 Nd5 31. Bxb5 Bb6 32. a4 Nc7 33. Be3 Ba5
34. Bc5 Nd5 35. b4 Bxb4 36. Bxb4 Nxb4 37. c7 1-0

[Event "Tournoi Skype 027A"]
[Site "Skype"]
[Date "????.??.??"]
[Round "3.29"]
[White "Hilton, Stephen"]
[Black "Vello, Pablo"]
[Result "1-0"]
[WhiteElo "1741"]
[BlackElo "1527"]
[PlyCount "79"]

1. d4 Nf6 2. c4 e6 3. Nc3 d5 4. Bg5 c6 5. e3 Nbd7 6. Nf3 Be7 7. cxd5 exd5 8.
Bd3 h6 9. Bh4 O-O 10. O-O Re8 11. Qc2 Bd6 12. Rac1 Qb6 13. Na4 Qc7 14. Nc5 Ne4
15. Nxe4 dxe4 16. Bxe4 Nf8 17. Bg3 Be6 18. Bxd6 Qxd6 19. Bd3 Bg4 20. Ne5 Bh5
21. Bc4 Bg6 22. Nxg6 Qxg6 23. Qb3 Rab8 24. Bd3 Qd6 25. Rfd1 Ne6 26. Bb1 Nc7 27.
Qd3 Kf8 28. e4 Red8 29. e5 Qd5 30. Qe2 Ne6 31. Qe3 Nxd4 32. f4 Qd7 33. Be4 Nf5
34. Qf3 Nd4 35. Qf2 Kg8 36. Rd3 Rbc8 37. Re1 c5 38. f5 Qe7 39. f6 Qxe5 40. Bh7+
1-0

[Event "Tournoi Skype 027A"]
[Site "Skype"]
[Date "????.??.??"]
[Round "3.30"]
[White "Chavero, Victor"]
[Black "Aranzubia, Desiderio"]
[Result "1-0"]
[WhiteElo "1448"]
[BlackElo "1602"]
[PlyCount "55"]

1. d4 d5 2. Nf3 Nf6 3. e3 c5 4. b3 cxd4 5. exd4 e6 6. Bb2 Bb4+ 7. c3 Bd6 8.
Nbd2 Nc6 9. Bd3 a6 10. O-O O-O 11. Re1 b5 12. Ne5 Bb7 13. f4 b4 14. c4 dxc4 15.
bxc4 Be7 16. Ndf3 Rc8 17. Rc1 a5 18. Nxc6 Bxc6 19. Ne5 Bb7 20. f5 exf5 21. Bxf5
Ra8 22. Qe2 Re8 23. d5 Bc5+ 24. Kh1 Nxd5 25. Bxh7+ Kf8 26. cxd5 Bd6 27. Ng6+
fxg6 28. Qf1+ 1-0

[Event "Tournoi Skype 027A"]
[Site "Skype"]
[Date "????.??.??"]
[Round "3.31"]
[White "Carballo, Jorge"]
[Black "Ram, Madhukesh"]
[Result "1/2-1/2"]
[WhiteElo "1594"]
[BlackElo "1523"]
[PlyCount "60"]

1. e4 c5 2. Nf3 d6 3. Bc4 e6 4. O-O Nf6 5. Nc3 Nc6 6. a3 a6 7. d4 cxd4 8. Nxd4
Bd7 9. Bg5 Be7 10. Re1 e5 11. Nf3 b5 12. Ba2 O-O 13. Bxf6 gxf6 14. Nd5 Bg4 15.
h3 Bh5 16. Qd3 Kh8 17. Nh4 Bg6 18. Nxg6+ fxg6 19. Rad1 Rc8 20. Nxe7 Nxe7 21. c3
Rc6 22. Rd2 Qc7 23. Red1 Rd8 24. Qf3 Kg7 25. Bd5 Nxd5 26. Rxd5 Rc5 27. R1d3
Rxd5 28. Rxd5 Qc4 29. Qd3 Qb3 30. Rxd6 Rxd6 1/2-1/2

[Event "Tournoi Skype 027A"]
[Site "Skype"]
[Date "????.??.??"]
[Round "3.32"]
[White "Hague, Mark"]
[Black "Mordaa, Ahmad"]
[Result "0-1"]
[WhiteElo "1490"]
[BlackElo "1571"]
[PlyCount "34"]

1. d4 Nf6 2. Nc3 g6 3. Bf4 Bg7 4. e3 d6 5. Be2 O-O 6. h4 Nbd7 7. h5 e5 8. dxe5
dxe5 9. Bg5 h6 10. Bh4 g5 11. Bg3 Qe7 12. Bf3 Nc5 13. Qd2 Rd8 14. Nd5 Nxd5 15.
Bxd5 Be6 16. e4 Nxe4 17. Qa5 Rxd5 0-1

[Event "Tournoi Skype 027A"]
[Site "Skype"]
[Date "????.??.??"]
[Round "3.33"]
[White "L'Herbon De Lussats, Jean"]
[Black "Leyton Calderon, Jairo Oswaldo"]
[Result "0-1"]
[WhiteElo "1413"]
[BlackElo "1555"]
[PlyCount "88"]

1. e4 c5 2. c3 g6 3. d4 cxd4 4. cxd4 Nc6 5. Nf3 Bg7 6. Be3 Nf6 7. Nc3 Qa5 8.
Qd2 O-O 9. Bb5 Nxe4 10. Qd3 Nxc3 11. bxc3 a6 12. Bxc6 dxc6 13. O-O Re8 14. Rfe1
Bf5 15. Qd2 Rad8 16. Bh6 Qd5 17. Bxg7 Kxg7 18. Re5 Qd6 19. Rae1 f6 20. R5e3 Bg4
21. Nh4 e5 22. Rg3 Qd7 23. h3 Bh5 24. Qd3 exd4 25. Rxe8 Rxe8 26. Nf5+ Kh8 27.
Nxd4 c5 28. Nc2 Qxd3 29. Rxd3 Be2 30. Re3 Rxe3 31. Nxe3 Kg7 32. f4 Kf7 33. Kf2
Bd3 34. g4 h6 35. h4 g5 36. Kg3 Be4 37. a3 b5 38. Nf5 Bxf5 39. gxf5 gxh4+ 40.
Kxh4 a5 41. Kh5 Ke7 42. Kxh6 b4 43. cxb4 cxb4 44. axb4 axb4 0-1

[Event "Tournoi Skype 027A"]
[Site "Skype"]
[Date "????.??.??"]
[Round "3.34"]
[White "Rodriguez Gonzalez, Jaime Rafael"]
[Black "Salazar Ticeran, Antonio"]
[Result "0-1"]
[WhiteElo "1473"]
[BlackElo "1589"]
[PlyCount "74"]

1. e4 c5 2. Nc3 Nc6 3. f4 d6 4. Nf3 Bg4 5. h3 Bxf3 6. Qxf3 Nd4 7. Qd1 Nf6 8.
Bc4 a6 9. a4 g6 10. d3 Bg7 11. O-O h5 12. Be3 Nc6 13. Rb1 Na5 14. e5 Nxc4 15.
dxc4 dxe5 16. Qxd8+ Rxd8 17. Rfd1 O-O 18. fxe5 Nd7 19. Nd5 e6 20. Ne7+ Kh7 21.
Bg5 Nxe5 22. b3 Rxd1+ 23. Rxd1 f6 24. Bf4 Re8 25. Bxe5 fxe5 26. Rd7 Kh6 27.
Rxb7 Bf8 28. Nc6 Bg7 29. Ra7 Rf8 30. Rxa6 e4 31. Ra7 Bd4+ 32. Nxd4 cxd4 33. Re7
Rf6 34. c5 e3 35. c6 e2 36. c7 e1=Q+ 37. Kh2 Rf1 0-1

[Event "Tournoi Skype 027A"]
[Site "Skype"]
[Date "????.??.??"]
[Round "3.35"]
[White "Santos, Joselito"]
[Black "Gharbi, Said"]
[Result "1/2-1/2"]
[WhiteElo "1428"]
[BlackElo "1578"]
[PlyCount "104"]

1. d4 e5 2. e4 exd4 3. Qxd4 Nc6 4. Qd1 Nf6 5. Nc3 Bb4 6. Bd2 O-O 7. Bd3 Re8 8.
f3 d5 9. Nge2 Bc5 10. a3 dxe4 11. Nxe4 Nxe4 12. Bxe4 Nd4 13. c3 Nxe2 14. Qxe2
f5 15. Bd5+ Kh8 16. Qxe8+ Qxe8+ 17. Kd1 Qd8 18. Re1 Bd7 19. b3 c6 20. Bc4 b5
21. Bd3 Qh4 22. h3 Qf2 23. Bf1 Re8 24. Kc2 Rxe1 25. Rxe1 Be3 26. Rxe3 Qxf1 27.
Re7 Qxg2 28. Rxd7 h6 29. Rxa7 Qxf3 30. Re7 Qxh3 31. a4 bxa4 32. bxa4 f4 33. a5
Qf5+ 34. Kc1 Qxa5 35. Rf7 Qe5 36. Rxf4 h5 37. Kc2 c5 38. Kc1 Qe7 39. Kc2 h4 40.
Kc1 h3 41. Rf3 h2 42. Rh3+ Kg8 43. Rxh2 Qe4 44. Rh3 c4 45. Rg3 Qh4 46. Rg5 Qh1+
47. Kc2 Qe4+ 48. Kc1 Qd3 49. Rg1 Kf7 50. Rg5 Kf6 51. Rg1 Qf5 52. Rg3 Qf1+
1/2-1/2

[Event "Tournoi Skype 027A"]
[Site "Skype"]
[Date "????.??.??"]
[Round "3.36"]
[White "Aclan, Levent"]
[Black "Ramirez Reina, Orlando"]
[Result "1-0"]
[WhiteElo "1571"]
[BlackElo "1497"]
[PlyCount "97"]

1. e4 e5 2. Nf3 d6 3. d4 Bg4 4. dxe5 Bxf3 5. Qxf3 dxe5 6. Bc4 Qf6 7. Qb3 Nc6 8.
Qxb7 Rd8 9. Nc3 Bc5 10. O-O Rb8 11. Qa6 Rb6 12. Qc8+ Qd8 13. Qxd8+ Kxd8 14.
Bxf7 Nf6 15. Bg5 Rf8 16. Bb3 Nd4 17. Nd5 Rd6 18. c3 Nxb3 19. axb3 h6 20. Bxf6+
gxf6 21. b4 Bb6 22. c4 Bd4 23. c5 Rd7 24. Rxa7 Ke8 25. Ra8+ Kf7 26. Rxf8+ Kxf8
27. c6 Rd6 28. b5 f5 29. Nxc7 fxe4 30. b3 Ke7 31. Na6 Bb6 32. c7 Kd7 33. Rc1
Kc8 34. g3 e3 35. Kf1 exf2 36. Nc5 Kxc7 37. Ne4+ Kd7 38. Nxd6 Kxd6 39. Rc6+ Kd5
40. Rxb6 Kc5 41. Rb8 e4 42. Kxf2 Kd4 43. Rc8 e3+ 44. Ke2 Ke4 45. b6 h5 46. b7
h4 47. b8=Q hxg3 48. Re8+ Kd4 49. Qxg3 1-0

[Event "Tournoi Skype 027A"]
[Site "Skype"]
[Date "????.??.??"]
[Round "3.37"]
[White "Navghane, Rahul"]
[Black "Sauvaget, Joel"]
[Result "0-1"]
[WhiteElo "1527"]
[BlackElo "1467"]
[PlyCount "100"]

1. g4 g6 2. Bg2 c6 3. d3 d5 4. h3 Bg7 5. c3 Nf6 6. Nf3 Na6 7. a3 Nc7 8. Bf4 Ne6
9. Be5 O-O 10. Nbd2 Nd7 11. Bxg7 Kxg7 12. d4 Re8 13. e4 dxe4 14. Nxe4 Nf6 15.
Neg5 Nxg5 16. Nxg5 e5 17. O-O exd4 18. Qxd4 Qxd4 19. cxd4 Be6 20. Rfe1 Rad8 21.
Nf3 Bd5 22. Rxe8 Rxe8 23. g5 Nh5 24. Rd1 Nf4 25. Nh4 Nxg2 26. Nxg2 f5 27. h4
Bf3 28. Rd2 Re2 29. Rxe2 Bxe2 30. f4 Bf3 31. Ne3 Kf7 32. Kf2 Bd5 33. b4 a6 34.
Nf1 Ke6 35. Ke3 Be4 36. Ng3 Kd5 37. h5 Kc4 38. hxg6 hxg6 39. Nh5 gxh5 40. g6
Bd5 41. g7 Kb3 42. Kf2 Kxa3 43. Kg3 Kxb4 44. Kh4 a5 45. Kxh5 a4 46. Kg5 a3 47.
Kxf5 a2 48. Ke5 a1=Q 49. f5 Qg1 50. f6 Qg5+ 0-1

[Event "Tournoi Skype 027A"]
[Site "Skype"]
[Date "????.??.??"]
[Round "3.38"]
[White "Kruzeniski, Randy"]
[Black "Escudero Ocana, Francisco"]
[Result "1-0"]
[WhiteElo "1509"]
[BlackElo "1414"]
[PlyCount "81"]

1. d4 d5 2. Nf3 Nc6 3. e3 Bf5 4. a3 Nf6 5. c4 e6 6. Nc3 Bd6 7. c5 Be7 8. Be2 b6
9. b4 Be4 10. Nxe4 Nxe4 11. Bb2 Bf6 12. O-O O-O 13. Bb5 Ne7 14. Ne5 Bxe5 15.
dxe5 bxc5 16. f3 Ng5 17. h4 c6 18. Ba4 Nf5 19. Qe1 cxb4 20. hxg5 Qxg5 21. f4
Qg4 22. Bd1 Qg6 23. axb4 f6 24. exf6 gxf6 25. Ra6 Rab8 26. Bc3 Ng3 27. Rf3 Ne4
28. Rxc6 Qf7 29. Bc2 Qd7 30. Ra6 Qc8 31. Ra3 Nd6 32. Rg3+ Kh8 33. Rh3 Rb7 34.
Bg6 Rg7 35. Bxf6 Rxf6 36. Bd3 Qb7 37. Qh4 d4 38. Ra2 Rff7 39. Qd8+ Rg8 40. Qxd6
Rfg7 41. Qxd4 1-0

[Event "Tournoi Skype 027A"]
[Site "Skype"]
[Date "????.??.??"]
[Round "3.39"]
[White "Harmelle, Dominique"]
[Black "Morelli, Daniel"]
[Result "0-1"]
[WhiteElo "1507"]
[BlackElo "1409"]
[PlyCount "94"]

1. d4 e5 2. dxe5 Nc6 3. Bf4 Qe7 4. Nf3 Qb4+ 5. Bd2 Qxb2 6. Bc3 Bb4 7. Qd2 Bxc3
8. Nxc3 Qxa1+ 9. Nd1 Qxa2 10. e3 Qa5 11. c3 Nxe5 12. Nd4 d6 13. Be2 Nf6 14. f3
O-O 15. O-O Nc6 16. Nb3 Qd5 17. Qc2 b6 18. Nb2 Qg5 19. f4 Qh6 20. Nd4 Bd7 21.
Nf5 Bxf5 22. Qxf5 Qg6 23. Qb5 Ne7 24. Bd3 Qh6 25. Rf3 g6 26. Rh3 Qg7 27. Qg5
Rfe8 28. Nd1 Ned5 29. e4 Ne7 30. Nf2 Nf5 31. exf5 Re1+ 32. Bf1 a5 33. Nd3 Rd1
34. Nf2 Re1 35. Qg3 a4 36. Qf3 Ra5 37. Nd3 Rb1 38. g4 a3 39. Nb4 a2 40. Nxa2
Rxa2 41. Qd3 Rba1 42. Qc4 Nxg4 43. Qxc7 Nxh2 44. Rxh2 Rxh2 45. Qd8+ Qf8 46.
Qxf8+ Kxf8 47. Kxh2 Rxf1 0-1

[Event "Tournoi Skype 027A"]
[Site "Skype"]
[Date "????.??.??"]
[Round "4.2"]
[White "Mayor Martinez, Juan Jose"]
[Black "Ibarra Cantu, Raul Alberto"]
[Result "1/2-1/2"]
[WhiteElo "1882"]
[BlackElo "1923"]
[PlyCount "82"]

1. d4 Nf6 2. c4 g6 3. Nc3 Bg7 4. e4 d6 5. Nf3 O-O 6. h3 e5 7. d5 a5 8. Bd3 Nbd7
9. O-O Nc5 10. Bc2 Nh5 11. Be3 b6 12. Rb1 Nf4 13. Bxf4 exf4 14. Na4 Nd7 15. b3
Ne5 16. Nxe5 Bxe5 17. Nb2 f5 18. Qf3 Qf6 19. Nd3 fxe4 20. Qxe4 Bf5 21. Qf3 Rae8
22. Rbc1 g5 23. Nxe5 Rxe5 24. Bxf5 Qxf5 25. Rc3 Kg7 26. a4 Kg6 27. Qd3 Rfe8 28.
Qxf5+ Kxf5 29. g3 h5 30. Kg2 g4 31. gxf4 Kxf4 32. hxg4 hxg4 33. Rg3 Rh8 34. Rd1
Re4 35. Rf1 Re2 36. Rd1 Rhe8 37. Rh1 R8e7 38. Rh8 Rg7 39. Rf8+ Kg5 40. Rff3
Rge7 41. Rf8 Rg7 1/2-1/2